000 01143nam a22003257a 4500
001 000540
003 DO-SdBNP
005 20210525075311.0
007 000540
008 161010b 2004 cl a| 00| 0 spa d
020 _a9684182082
020 _a9684182104 (v. 1)
020 _a9684182112 (v. 2)
020 _a9684182120 (v. 3)
020 _a9684182139 (v. 4)
020 _a9684182147 (v. 5)
040 _aBPMSU
_bspa
_cBPMSU
082 4 _a306.87
_bN677b
_222
100 1 _aNieto, Eliana Patricia
245 1 0 _aBiblioteca de formación integral :
_bplan educacional para el desarrollo de futuros líderes /
_cEliana Patricia Nieto.
260 _aColombia :
_bEdiciones Culturales Internacionales,
_c2004.
300 _a5 v.
_bil. ;
_c27 cm.
505 0 _gv. 1.
_tLa persona y la relación consigo misma --
_gv. 2.
_tLa familia --
_gv. 3.
_tLa comunidad. --
_gv. 4.
_tLo trascendente del ser humano --
_gv. 5.
_tLecturas para reflexionar en familia.
590 _6Inventariado extranjero, 2021/VM
650 4 _aEducación para la vida familiar
650 4 _aLiderazgo
910 _aVMateo
942 _2ddc
_cBK
945 _a
999 _c11512
_d11512